[Event "World Blitz 2023"]
[Site "Samarkand UZB"]
[Date "2023.12.29"]
[EventDate "2023.12.29"]
[Round "7.10"]
[Result "0-1"]
[White "Pavel Ponkratov"]
[Black "Tigran L Petrosian"]
[WhiteElo "2547"]
[BlackElo "2610"]
[PlyCount "78"]

1. e4 g6 2. d4 Bg7 3. Nc3 a6 4. h4 h6 5. f3 b5 6. Be3 d6 7. Qd2 Nd7 8. g4
Nb6 9. a4 b4 10. Nd1 a5 11. c3 bxc3 12. bxc3 Nf6 13. Bd3 h5 14. g5 Nfd7 15.
f4 Bb7 16. Nf3 e5 17. fxe5 dxe5 18. d5 Bf8 19. Qf2 Bd6 20. O-O Qe7 21. Bb5
O-O 22. c4 Nc5 23. Nd2 Ba6 24. Nc3 Bxb5 25. cxb5 Nbd7 26. Nc4 f5 27. gxf6
Nxf6 28. Bg5 Ncd7 29. Qg2 Bc5+ 30. Kh1 Qg7 31. Bxf6 Rxf6 32. Qh3 Raf8 33.
Rxf6 Nxf6 34. Qe6+ Kh7 35. Qxe5 Re8 36. Qf4 Nxe4 37. Nxe4 Qxa1+ 38. Kg2
Qg1+ 39. Kf3 Qh1+ 0-1

[Event "World Blitz 2023"]
[Site "Samarkand UZB"]
[Date "2023.12.29"]
[EventDate "2023.12.29"]
[Round "7.11"]
[Result "1/2-1/2"]
[White "Javokhir Sindarov"]
[Black "Denis Khismatullin"]
[WhiteElo "2607"]
[BlackElo "2552"]
[PlyCount "88"]

1. e4 d6 2. d4 Nf6 3. Bd3 e5 4. dxe5 dxe5 5. Nf3 Bd6 6. O-O O-O 7. a4 Nc6
8. c3 Ne7 9. Nbd2 Ng6 10. Nc4 Re8 11. Bc2 Be6 12. Qe2 Qe7 13. Be3 h6 14.
Rad1 b6 15. a5 Ng4 16. Nxd6 cxd6 17. Bc1 bxa5 18. Qa6 Red8 19. Qxa5 Qb7 20.
Rfe1 Qb6 21. Qxb6 axb6 22. h3 Nf6 23. Be3 Rab8 24. Nd2 d5 25. exd5 Nxd5 26.
Bxg6 fxg6 27. Nf3 e4 28. Nd4 Nxe3 29. fxe3 Bc4 30. Nc6 Rxd1 31. Rxd1 Ra8
32. Rd4 Bd3 33. Rb4 b5 34. Nd4 Ra1+ 35. Kh2 Re1 36. Nxb5 Rxe3 37. Nd6 Re1
38. h4 Kf8 39. Nc4 e3 40. Ne5 Bf5 41. Rf4 e2 42. Nxg6+ Kg8 43. Rxf5 Rh1+
44. Kxh1 e1=Q+ 1/2-1/2

[Event "World Blitz 2023"]
[Site "Samarkand UZB"]
[Date "2023.12.29"]
[EventDate "2023.12.29"]
[Round "7.12"]
[Result "1-0"]
[White "Aleksey Dreev"]
[Black "Ter-Sahakyan, Samvel"]
[WhiteElo "2599"]
[BlackElo "2556"]
[PlyCount "68"]

1. d4 Nf6 2. Nf3 d5 3. c4 e6 4. Bg5 dxc4 5. Qa4+ Nbd7 6. Qxc4 h6 7. Bh4 a6
8. Nbd2 c5 9. e4 b5 10. Qc2 Bb7 11. d5 exd5 12. e5 g5 13. Bg3 Ne4 14. Nxe4
dxe4 15. Nd2 e3 16. fxe3 Qe7 17. Ne4 Nxe5 18. O-O-O Nc4 19. Bxc4 Bxe4 20.
Qc3 Rg8 21. Bd6 Qxd6 22. Rxd6 Bxd6 23. Qf6 bxc4 24. Qxd6 Rg6 25. Qxc5 Re6
26. Rd1 Bd3 27. b3 Rb8 28. bxc4 Be4 29. Rd4 Rb1+ 30. Kd2 Rb2+ 31. Kc3 Rc2+
32. Kb3 f5 33. Rxe4 fxe4 34. Kxc2 1-0

[Event "World Blitz 2023"]
[Site "Samarkand UZB"]
[Date "2023.12.29"]
[EventDate "2023.12.29"]
[Round "7.13"]
[Result "0-1"]
[White "Evgeniy Najer"]
[Black "Baadur Jobava"]
[WhiteElo "2545"]
[BlackElo "2599"]
[PlyCount "104"]

1. e4 c5 2. Nf3 e6 3. d4 cxd4 4. Nxd4 Nf6 5. Nc3 Bb4 6. e5 Nd5 7. Bd2 Nxc3
8. bxc3 Be7 9. Qg4 Kf8 10. Bd3 Na6 11. O-O Nc5 12. f4 d6 13. Rae1 h5 14.
Qh3 g6 15. Be3 Kg8 16. Rd1 d5 17. c4 Nxd3 18. Rxd3 dxc4 19. Nc6 Qe8 20.
Nxe7+ Qxe7 21. Rd6 Bd7 22. Bc5 Ba4 23. Qc3 Qc7 24. Bf2 Kh7 25. Bh4 b5 26.
h3 Qc5+ 27. Kh2 b4 28. Qd2 c3 29. Qd1 Rhf8 30. Bf6 Qe3 31. Rd3 Qe4 32. Rff3
Rac8 33. Kg3 Rc4 34. Kh2 Qf5 35. Rd8 Rc8 36. Rxf8 Rxf8 37. Rf2 Kg8 38. Qd4
a5 39. Qc5 Bxc2 40. Qxa5 Be4 41. Qxb4 c2 42. Qc3 Kh7 43. Qc5 Ra8 44. Kg3
Bd3 45. Rd2 Qe4 46. Qc3 Qe3+ 47. Kh2 Qxf4+ 48. Kg1 Qe3+ 49. Kh2 Qf4+ 50. g3
Qf1 51. Qc7 Kg8 52. Qc3 c1=Q 0-1

[Event "World Blitz 2023"]
[Site "Samarkand UZB"]
[Date "2023.12.29"]
[EventDate "2023.12.29"]
[Round "7.14"]
[Result "0-1"]
[White "Mamikon Gharibyan"]
[Black "Nodirbek Yakubboev"]
[WhiteElo "2444"]
[BlackElo "2582"]
[PlyCount "80"]

1. e4 e5 2. Nf3 Nc6 3. Bb5 a6 4. Ba4 Nge7 5. c3 Ng6 6. d4 exd4 7. cxd4 d5
8. exd5 Qxd5 9. Nc3 Bb4 10. O-O Bxc3 11. bxc3 O-O 12. Bb3 Qd6 13. Ng5 h6
14. Ne4 Qd8 15. Qh5 Nce7 16. Bxh6 Bf5 17. Ng3 Qd7 18. Nxf5 Qxf5 19. Qxf5
Nxf5 20. Bg5 Rfe8 21. Rfe1 Nd6 22. f3 Kf8 23. Kf2 a5 24. a4 Ra6 25. Rxe8+
Kxe8 26. Bc2 Rc6 27. Ra3 Ne7 28. Bxe7 Kxe7 29. Bd3 Rb6 30. c4 Rb2+ 31. Kg3
b6 32. c5 Ne8 33. Bb5 Nf6 34. Re3+ Kf8 35. h4 g6 36. Re5 Nh5+ 37. Kh3 Nf4+
38. Kg4 Ne6 39. cxb6 Rxg2+ 40. Kh3 Nf4# 0-1

[Event "World Blitz 2023"]
[Site "Samarkand UZB"]
[Date "2023.12.29"]
[EventDate "2023.12.29"]
[Round "7.15"]
[Result "0-1"]
[White "Bobir Sattarov"]
[Black "B Adhiban"]
[WhiteElo "2351"]
[BlackElo "2576"]
[PlyCount "94"]

1. e4 c5 2. Nf3 Nc6 3. d4 cxd4 4. Nxd4 g6 5. Nc3 Bg7 6. Be3 Nf6 7. Nxc6
dxc6 8. Qxd8+ Kxd8 9. O-O-O+ Ke8 10. f3 Be6 11. Ne2 h5 12. Nd4 Bd7 13. a4
h4 14. a5 Bh6 15. Bxh6 Rxh6 16. Bc4 e5 17. Nb3 Ke7 18. Rd2 b6 19. Rhd1 Rd8
20. c3 Rhh8 21. Na1 b5 22. Bf1 Be6 23. Nc2 Bb3 24. Rxd8 Rxd8 25. Rxd8 Kxd8
26. Nb4 Kc7 27. Kd2 g5 28. Ke3 c5 29. Nd3 Bc4 30. Be2 Bxd3 31. Bxd3 c4 32.
Bc2 Nd7 33. b4 cxb3 34. Bxb3 f6 35. g3 hxg3 36. hxg3 Nc5 37. Bc2 Nb7 38. a6
Nc5 39. f4 gxf4+ 40. gxf4 Nxa6 41. fxe5 fxe5 42. Kf3 Nc5 43. Kg4 a5 44. Kf5
Kd6 45. Bd1 a4 46. Bc2 a3 47. Bb1 Na4 0-1

[Event "World Blitz 2023"]
[Site "Samarkand UZB"]
[Date "2023.12.29"]
[EventDate "2023.12.29"]
[Round "7.16"]
[Result "1/2-1/2"]
[White "Almas Rakhmatullaev"]
[Black "Jakhongir Vakhidov"]
[WhiteElo "2218"]
[BlackElo "2574"]
[PlyCount "124"]

1. e4 c5 2. Nf3 Nc6 3. Bb5 g6 4. Bxc6 bxc6 5. O-O Bg7 6. c3 Nf6 7. Re1 O-O
8. h3 d6 9. d4 cxd4 10. cxd4 Bb7 11. Nc3 Nd7 12. Bg5 c5 13. Rc1 Re8 14. Be3
Rc8 15. dxc5 Nxc5 16. Bd4 Bh6 17. Rc2 a5 18. Be3 Bxe3 19. Rxe3 Qb6 20. Rd2
Nd7 21. Qe1 Nf6 22. e5 dxe5 23. Nxe5 e6 24. Red3 Ba8 25. Kh2 Qb8 26. f4 Bd5
27. Qh4 Kg7 28. Rg3 Qb7 29. Qg5 Qe7 30. Rgd3 h6 31. Qh4 Red8 32. g4 Ng8 33.
Qg3 Nf6 34. Qf2 Ne4 35. Nxe4 Bxe4 36. Rd7 Rxd7 37. Rxd7 Qxd7 38. Nxd7 Rc2
39. Qxc2 Bxc2 40. g5 hxg5 41. fxg5 Ba4 42. Nc5 Bc6 43. Kg3 e5 44. Nd3 f6
45. h4 Kf7 46. gxf6 Kxf6 47. Kg4 Bd5 48. a3 Be6+ 49. Kg3 Kf5 50. b4 axb4
51. axb4 Bd5 52. b5 e4 53. Nc5 Ke5 54. b6 Kd6 55. b7 Kc7 56. Kf4 Bxb7 57.
Nxb7 Kxb7 58. Kxe4 Kc7 59. Ke5 Kd8 60. Kf6 Ke8 61. Kg7 Ke7 62. Kxg6 Kf8
1/2-1/2

[Event "World Blitz 2023"]
[Site "Samarkand UZB"]
[Date "2023.12.29"]
[EventDate "2023.12.29"]
[Round "7.17"]
[Result "1-0"]
[White "Haowen Xue"]
[Black "Vadim Zvjaginsev"]
[WhiteElo "2155"]
[BlackElo "2570"]
[PlyCount "124"]

1. d4 d5 2. Nf3 Nf6 3. g3 Bf5 4. Bg2 e6 5. O-O h6 6. c4 c6 7. Nc3 Be7 8.
Qb3 Qc8 9. Bf4 O-O 10. Rac1 Nbd7 11. Nd2 Nb6 12. e4 dxe4 13. Ndxe4 Rd8 14.
Rfd1 Nxe4 15. Nxe4 Nd7 16. Nd6 Bxd6 17. Bxd6 Nf8 18. Bf4 Ng6 19. Be3 Ne7
20. d5 Rd7 21. d6 Ng6 22. Qc3 e5 23. c5 Rd8 24. Re1 Qd7 25. h4 Re8 26. b4
a6 27. a4 Bh3 28. Bh1 Rac8 29. Kh2 Bf5 30. Bd2 f6 31. Qc4+ Be6 32. Qe4 Bf5
33. Qe3 Nf8 34. Bc3 Kh8 35. Qf3 Bg4 36. Qe4 Bf5 37. Qf3 Bg4 38. Qe3 Bf5 39.
Rcd1 Bc2 40. Ra1 Ne6 41. Rec1 Bh7 42. Bb2 Nd8 43. Bg2 Nf7 44. b5 e4 45.
bxa6 bxa6 46. Rab1 h5 47. Bd4 Nh6 48. Kg1 Ng4 49. Qf4 e3 50. fxe3 Bxb1 51.
Rxb1 Rb8 52. Rb6 Ne5 53. Rxb8 Rxb8 54. Bxe5 fxe5 55. Qxe5 Qf7 56. Kh2 Rb1
57. Bxc6 Qf2+ 58. Bg2 Qg1+ 59. Kh3 Qd1 60. Qe8+ Kh7 61. Qe4+ g6 62. d7 1-0

[Event "World Blitz 2023"]
[Site "Samarkand UZB"]
[Date "2023.12.29"]
[EventDate "2023.12.29"]
[Round "7.18"]
[Result "1/2-1/2"]
[White "Levon Aronian"]
[Black "M Pranesh"]
[WhiteElo "2772"]
[BlackElo "2481"]
[PlyCount "114"]

1. e4 e5 2. Bc4 Nf6 3. d3 c6 4. Bb3 d5 5. exd5 cxd5 6. Ne2 Bd6 7. O-O Nc6
8. Bg5 Be6 9. Nbc3 Be7 10. d4 e4 11. Nf4 O-O 12. Bxf6 Bxf6 13. Ncxd5 Nxd4
14. Nxe6 Nxe6 15. c3 Nc5 16. Bc2 Be5 17. Ne3 Qg5 18. Qg4 Qxg4 19. Nxg4 Bc7
20. Rad1 Rad8 21. Ne3 Be5 22. Nd5 g6 23. b4 Nd3 24. Bxd3 Rxd5 25. Bxe4 Rxd1
26. Rxd1 Bxc3 27. b5 b6 28. Bc6 Rc8 29. Rd7 Re8 30. g3 Bb4 31. Rxa7 Re7 32.
Ra4 Bc5 33. Kf1 Kg7 34. Rc4 Ba3 35. h4 h5 36. Rc3 Bb4 37. Rc4 Ba3 38. Rc2
Re5 39. Rc3 Bb4 40. Rb3 Re1+ 41. Kg2 Bc5 42. Rc3 Re2 43. Rf3 Rxa2 44. Rxf7+
Kxf7 45. Bd5+ Kf6 46. Bxa2 Bd4 47. Kf3 Bc5 48. Ke2 Bb4 49. Bd5 Bc5 50. Be4
Bd4 51. f3 Be5 52. Kf2 Bd4+ 53. Kg2 Bc3 54. g4 hxg4 55. fxg4 g5 56. h5 Kg7
57. Kf3 Kh6 1/2-1/2

[Event "World Blitz 2023"]
[Site "Samarkand UZB"]
[Date "2023.12.29"]
[EventDate "2023.12.29"]
[Round "7.19"]
[Result "1-0"]
[White "Fabiano Caruana"]
[Black "Mikhail Bryakin"]
[WhiteElo "2815"]
[BlackElo "2495"]
[PlyCount "56"]

1. c4 e6 2. Nc3 d5 3. d4 Nf6 4. cxd5 Nxd5 5. e4 Nxc3 6. bxc3 c5 7. Rb1 Nc6
8. Nf3 Be7 9. d5 exd5 10. exd5 Na5 11. Bb5+ Kf8 12. O-O a6 13. Be2 Bd6 14.
c4 Bf5 15. Rb2 b6 16. Bd2 Nb7 17. Bc3 f6 18. Bd3 Bxd3 19. Qxd3 Bc7 20. Re1
Nd6 21. Re6 b5 22. Rbe2 Qd7 23. Bxf6 gxf6 24. Rxf6+ Kg7 25. Ne5 Qe8 26. Re6
Qh5 27. Qg3+ Kf8 28. Nd7+ 1-0

[Event "World Blitz 2023"]
[Site "Samarkand UZB"]
[Date "2023.12.29"]
[EventDate "2023.12.29"]
[Round "7.20"]
[Result "0-1"]
[White "Boris Savchenko"]
[Black "Dmitry Andreikin"]
[WhiteElo "2513"]
[BlackElo "2741"]
[PlyCount "92"]

1. e4 c5 2. Nf3 e6 3. d4 cxd4 4. Nxd4 Nc6 5. Nc3 a6 6. a3 d6 7. Be3 Nf6 8.
Rg1 e5 9. Nxc6 bxc6 10. g4 h5 11. gxh5 Rxh5 12. Bc4 Rb8 13. b4 Rxh2 14. Qe2
a5 15. b5 cxb5 16. Nxb5 Be6 17. O-O-O Qc8 18. Bxe6 fxe6 19. Rxd6 Kf7 20.
Rgd1 Rxb5 21. Qxb5 Bxd6 22. Rxd6 Qc3 23. Qb7+ Kg6 24. Rd1 Qxa3+ 25. Kb1 Rg2
26. Bc1 Qa4 27. Rd3 Qxe4 28. Qb5 Qb4+ 29. Qxb4 axb4 30. f3 Nd5 31. Bd2 Kf5
32. Kb2 g5 33. Kb3 Rf2 34. Bc1 Rf1 35. Bd2 Rb1+ 36. Ka2 Rd1 37. Kb3 e4 38.
fxe4+ Kxe4 39. Kc4 g4 40. Bxb4 Rxd3 41. cxd3+ Kf3 42. Bd6 Nf4 43. Bc5 g3
44. Bg1 Nh3 45. Bc5 g2 46. Kd4 0-1

[Event "World Blitz 2023"]
[Site "Samarkand UZB"]
[Date "2023.12.29"]
[EventDate "2023.12.29"]
[Round "7.21"]
[Result "1-0"]
[White "Vladimir Fedoseev"]
[Black "Kazybek Nogerbek"]
[WhiteElo "2719"]
[BlackElo "2488"]
[PlyCount "108"]

1. g3 d5 2. Bg2 Nf6 3. Nf3 e6 4. c4 d4 5. d3 c5 6. e4 Nc6 7. e5 Nd7 8. Qe2
Be7 9. h4 Qc7 10. Bf4 b6 11. Nbd2 Bb7 12. a3 h6 13. g4 O-O-O 14. Bg3 h5 15.
g5 Nf8 16. Kf1 Ng6 17. Re1 Kb8 18. Kg1 Ka8 19. Kh2 Rd7 20. Rb1 Qb8 21. Rhe1
Bd8 22. b4 cxb4 23. axb4 Bc7 24. b5 Nce7 25. Ra1 Nf5 26. Ra4 f6 27. Rea1
fxg5 28. Nxg5 Bxg2 29. Kxg2 Qb7+ 30. Kh3 Bb8 31. c5 bxc5 32. Nc4 Nfxh4 33.
Qe4 Qxe4 34. Nxe4 Rf7 35. Bxh4 Rf3+ 36. Bg3 h4 37. Kg2 Rf7 38. Bh2 Rhf8 39.
R1a2 h3+ 40. Kf1 Nh4 41. Nxc5 Rb7 42. Nxb7 Nf3 43. Bg3 Kxb7 44. Ra6 Rh8 45.
Rxe6 h2 46. Bxh2 Rxh2 47. Re7+ Kc8 48. Nd6+ Kd8 49. Re8+ Kd7 50. Rxb8 Nxe5
51. Nf5 Nxd3 52. Rxa7+ Ke6 53. Nxd4+ Kd5 54. Rd8+ 1-0

[Event "World Blitz 2023"]
[Site "Samarkand UZB"]
[Date "2023.12.29"]
[EventDate "2023.12.29"]
[Round "7.22"]
[Result "0-1"]
[White "Van Foreest, Lucas"]
[Black "Shakhriyar Mamedyarov"]
[WhiteElo "2519"]
[BlackElo "2716"]
[PlyCount "82"]

1. d4 Nf6 2. Nf3 g6 3. Nbd2 Bg7 4. e4 O-O 5. Bd3 d6 6. O-O c5 7. c3 Nc6 8.
d5 Nb8 9. Re1 e6 10. c4 Re8 11. h3 Qc7 12. Nf1 a6 13. a4 a5 14. Rb1 Na6 15.
Bf4 exd5 16. cxd5 Nb4 17. Ng3 Nxd3 18. Qxd3 Nd7 19. Qd2 Rb8 20. Bh6 Bh8 21.
Qf4 b5 22. axb5 Rxb5 23. Nf5 Ne5 24. Qg3 Rb3 25. Ne3 Nd3 26. Re2 a4 27. Ra1
Nxb2 28. Bf4 Rxe4 29. Bxd6 Qd8 30. Ng5 Re8 31. Bc7 Qd7 32. d6 a3 33. Rae1
a2 34. Qh4 h5 35. Kh2 Nd3 36. Nd5 Rxe2 37. Rxe2 a1=Q 38. Ne7+ Kg7 39. Ne6+
fxe6 40. Qg5 Qf6 41. Qh6+ Kxh6 0-1

[Event "World Blitz 2023"]
[Site "Samarkand UZB"]
[Date "2023.12.29"]
[EventDate "2023.12.29"]
[Round "7.23"]
[Result "0-1"]
[White "Victor Bologan"]
[Black "Alexander Grischuk"]
[WhiteElo "2489"]
[BlackElo "2699"]
[PlyCount "56"]

1. e4 e5 2. Nf3 Nc6 3. Bc4 Bc5 4. c3 Nf6 5. d3 d6 6. Nbd2 O-O 7. h3 a5 8.
Nf1 Be6 9. Bxe6 fxe6 10. Ng3 d5 11. O-O Bb6 12. a4 Qd6 13. Be3 d4 14. cxd4
exd4 15. Bc1 Nd7 16. Nd2 Bc5 17. Nc4 Qe7 18. f4 Nb6 19. Nd2 Bb4 20. Nf3 Nd7
21. Ne2 Rad8 22. b3 Nc5 23. Qc2 Bc3 24. Nxc3 Nb4 25. Qe2 dxc3 26. Ba3 Ncxd3
27. Rad1 Qc5+ 28. Kh2 Nxf4 0-1

[Event "World Blitz 2023"]
[Site "Samarkand UZB"]
[Date "2023.12.29"]
[EventDate "2023.12.29"]
[Round "7.25"]
[Result "1-0"]
[White "Peter Svidler"]
[Black "Ramazan Zhalmakhanov"]
[WhiteElo "2689"]
[BlackElo "2427"]
[PlyCount "80"]

1. e4 c5 2. Nf3 g6 3. c3 d5 4. exd5 Qxd5 5. d4 Bg7 6. Na3 cxd4 7. Nb5 Na6
8. Nbxd4 Nf6 9. Be2 O-O 10. O-O Bd7 11. Bf4 Nc5 12. Ne5 Nfe4 13. Nxd7 Qxd7
14. Be3 Rfd8 15. Qc2 Nd6 16. Rad1 a6 17. Bf3 Rac8 18. Rfe1 Qa4 19. Qb1 e5
20. Nc2 e4 21. Be2 Qe8 22. Nb4 Nf5 23. Rxd8 Qxd8 24. Bxc5 Rxc5 25. Qxe4 Qc7
26. Nd3 Rc6 27. Bf3 Rb6 28. g3 Bf8 29. Qe5 Qd8 30. Qe2 Re6 31. Qc2 Rxe1+
32. Nxe1 b5 33. Nd3 Bg7 34. Be4 Nd6 35. Bd5 Qe7 36. Kg2 h5 37. h4 Qd8 38.
Nf4 Qe7 39. Qxg6 Qe5 40. Qxh5 Qe1 1-0

[Event "World Blitz 2023"]
[Site "Samarkand UZB"]
[Date "2023.12.29"]
[EventDate "2023.12.29"]
[Round "7.26"]
[Result "0-1"]
[White "Murtas Kazhgaleyev"]
[Black "Van Foreest, Jorden"]
[WhiteElo "2488"]
[BlackElo "2664"]
[PlyCount "152"]

1. g3 d5 2. Nf3 g6 3. Bg2 Bg7 4. c4 dxc4 5. Qa4+ Nc6 6. Qxc4 e5 7. O-O Nge7
8. Nc3 O-O 9. d3 h6 10. Rd1 Be6 11. Qa4 Qd7 12. Be3 Nf5 13. Bc5 Rfd8 14. e3
b6 15. Ba3 a6 16. Qc2 a5 17. Qe2 Nb4 18. Ne1 Rac8 19. b3 h5 20. Rac1 c5 21.
Ne4 Qe7 22. Nf3 Bd5 23. h3 Bb7 24. Ne1 Ba6 25. Ra1 Rc7 26. Bxb4 axb4 27. a3
bxa3 28. Rxa3 Bb7 29. Ra2 Bd5 30. Rb2 Ra7 31. Nf3 Ra3 32. Nfd2 Raa8 33.
Rdb1 Nh6 34. Nc4 Rab8 35. b4 f5 36. Ned2 Bxg2 37. Kxg2 e4 38. Rb3 exd3 39.
Rxd3 cxb4 40. Kg1 Nf7 41. Nf3 Bc3 42. Rxd8+ Rxd8 43. Nxb6 Qe4 44. Rc1 b3
45. Nc4 b2 46. Nxb2 Bxb2 47. Qxb2 Qxf3 48. Qf6 Rd1+ 49. Rxd1 Qxd1+ 50. Kg2
Qd5+ 51. Kg1 Qd6 52. Qc3 Ne5 53. h4 Qd1+ 54. Kg2 Qd5+ 55. Kg1 Kf7 56. Qc7+
Ke6 57. Qc8+ Qd7 58. Qg8+ Kd6 59. Qf8+ Kd5 60. Qb4 Qc6 61. Qd2+ Ke6 62.
Qa2+ Kf6 63. Qb2 Ke6 64. Qa2+ Qc4 65. Qb2 Kd5 66. Kg2 Qe4+ 67. Kg1 Qc4 68.
Qb7+ Qc6 69. Qe7 Ke4 70. Qb4+ Qc4 71. Qb1+ Qd3 72. Qb7+ Qd5 73. Qb1+ Kf3
74. Qf1 Kg4 75. Qe2+ Qf3 76. Qb2 Kh3 0-1

[Event "World Blitz 2023"]
[Site "Samarkand UZB"]
[Date "2023.12.29"]
[EventDate "2023.12.29"]
[Round "7.27"]
[Result "1-0"]
[White "Liam Vrolijk"]
[Black "Iturrizaga Bonelli, Eduardo"]
[WhiteElo "2487"]
[BlackElo "2645"]
[PlyCount "94"]

1. Nf3 Nf6 2. c4 b6 3. d4 e6 4. g3 Bb7 5. Bg2 Be7 6. O-O O-O 7. a3 c5 8. d5
exd5 9. Nh4 Ne4 10. cxd5 Bxh4 11. Bxe4 Bf6 12. Nc3 d6 13. Bg2 Re8 14. Re1
a6 15. Ne4 Be7 16. Bf4 b5 17. b4 Bf8 18. Rc1 c4 19. Qd4 Qc7 20. h4 Nd7 21.
h5 h6 22. g4 Ne5 23. g5 hxg5 24. Bxg5 f5 25. Ng3 Qf7 26. Rcd1 Be7 27. Qf4
Bxg5 28. Qxg5 Rf8 29. f4 Nd7 30. Bh3 Bxd5 31. Nxf5 Kh8 32. Nxd6 Qxf4 33.
Qxf4 Rxf4 34. Rxd5 Nf6 35. Re5 Rd4 36. Nf5 Rd2 37. Bg2 Rad8 38. Bf3 Ra2 39.
Re3 Nh7 40. Kg2 Ng5 41. Kg3 Rf8 42. Ne7 Kh7 43. Ng6 Rd8 44. Nf4 Rd6 45. Rg1
Kg8 46. Kf2 Nh7 47. Re7 1-0

[Event "World Blitz 2023"]
[Site "Samarkand UZB"]
[Date "2023.12.29"]
[EventDate "2023.12.29"]
[Round "7.28"]
[Result "1/2-1/2"]
[White "Bardiya Daneshvar"]
[Black "Ruslan Ponomariov"]
[WhiteElo "2483"]
[BlackElo "2613"]
[PlyCount "184"]

1. Nf3 d5 2. g3 g6 3. Bg2 Bg7 4. d4 c6 5. O-O Nf6 6. a4 O-O 7. a5 Bf5 8. c4
Na6 9. Qb3 Qc8 10. Nc3 dxc4 11. Qxc4 Be6 12. Qa4 Rd8 13. e4 Bh3 14. Be3 h6
15. Rad1 Bxg2 16. Kxg2 Qe6 17. Rfe1 g5 18. Bc1 b5 19. axb6 axb6 20. d5 cxd5
21. exd5 Qd6 22. Nd4 Nc5 23. Qc2 Nxd5 24. Nf5 Nb4 25. Qe2 Qf6 26. Nxg7 Kxg7
27. Rxd8 Rxd8 28. Qxe7 Qxe7 29. Rxe7 Nbd3 30. Be3 Nxb2 31. Rc7 Nbd3 32. Rc6
Rb8 33. Bd4+ Kh7 34. Nd5 Ne6 35. Bxb6 Ne5 36. Rc1 g4 37. Bc7 Nxc7 38. Rxc7
Rb1 39. Ne3 h5 40. h3 Kg6 41. hxg4 hxg4 42. Rc5 f6 43. Rd5 Kf7 44. Rd4 Rb2
45. Nxg4 Nxg4 46. Rxg4 Ra2 47. Rb4 Kg6 48. Rb3 Kg5 49. Kf3 Rc2 50. Ke3 Ra2
51. f3 Kf5 52. g4+ Kg6 53. Rb4 Ra1 54. Kf4 Rc1 55. Re4 Ra1 56. Re7 Ra4+ 57.
Re4 Ra3 58. Rb4 Rc3 59. Ke4 Ra3 60. Rd4 Rb3 61. Ra4 Rc3 62. Ra5 Rc4+ 63.
Ke3 Rc3+ 64. Kf4 Rc4+ 65. Kg3 Rc3 66. Rf5 Ra3 67. Rc5 Rb3 68. Rc4 Ra3 69.
Kf4 Rb3 70. Ke4 Ra3 71. Rc8 Ra4+ 72. Ke3 Ra3+ 73. Kf2 Ra2+ 74. Kg3 Ra3 75.
Re8 Rb3 76. Re6 Ra3 77. Kf2 Kg5 78. Re8 Kf4 79. Re4+ Kg5 80. Re3 Ra4 81.
Kg3 Kg6 82. f4 Ra1 83. Re6 Rg1+ 84. Kh3 Rf1 85. Kg3 Rg1+ 86. Kf3 Rf1+ 87.
Ke4 Re1+ 88. Kd5 Rd1+ 89. Kc6 Rf1 90. g5 Rxf4 91. Rxf6+ Kxg5 92. Rxf4 Kxf4
1/2-1/2

[Event "World Blitz 2023"]
[Site "Samarkand UZB"]
[Date "2023.12.29"]
[EventDate "2023.12.29"]
[Round "7.29"]
[Result "1/2-1/2"]
[White "Conrad Holt"]
[Black "Savva Vetokhin"]
[WhiteElo "2592"]
[BlackElo "2483"]
[PlyCount "120"]

1. d4 Nf6 2. c4 e6 3. Nc3 d5 4. cxd5 exd5 5. Bg5 Be7 6. e3 h6 7. Bh4 Bg4 8.
Qb3 Nbd7 9. h3 Be6 10. Rd1 O-O 11. Nf3 c5 12. Be2 c4 13. Qc2 a6 14. Ne5 Rc8
15. a4 Ne8 16. Bxe7 Qxe7 17. O-O Nd6 18. Bf3 Nf6 19. a5 Qc7 20. Ra1 Bf5 21.
Qa4 Be4 22. Nxe4 Nfxe4 23. Rfc1 f6 24. Ng6 Rfe8 25. Nf4 Qc6 26. Qb4 g5 27.
Ne2 Qb5 28. Qa3 Red8 29. Nc3 Qc6 30. Qb4 f5 31. Rc2 Nb5 32. Na4 Qd6 33. Qe1
Rc6 34. Rac1 Rdc8 35. Nb6 Rd8 36. Bxe4 fxe4 37. Qe2 Qb4 38. Qg4 Qxa5 39.
Nd7 Qc7 40. Ne5 Rf6 41. h4 Qc8 42. Qg3 Qf5 43. Ng4 Rfd6 44. hxg5 hxg5 45.
Qh3 Kg7 46. Rf1 Rh8 47. Qg3 Rh4 48. Ne5 Rh5 49. f4 exf3 50. Qxf3 Qxf3 51.
Rxf3 Rf6 52. Rxf6 Kxf6 53. Rf2+ Ke6 54. Rf7 Nd6 55. Rg7 a5 56. Rg6+ Ke7 57.
Rg7+ Ke6 58. Rg6+ Ke7 59. Rg7+ Ke6 60. Rg6+ Ke7 1/2-1/2

[Event "World Blitz 2023"]
[Site "Samarkand UZB"]
[Date "2023.12.29"]
[EventDate "2023.12.29"]
[Round "7.30"]
[Result "1/2-1/2"]
[White "Mukhiddin Madaminov"]
[Black "Kacper Piorun"]
[WhiteElo "2460"]
[BlackElo "2589"]
[PlyCount "328"]

1. d4 g6 2. Nc3 d5 3. e4 dxe4 4. Nxe4 Bg7 5. c3 Nd7 6. Nf3 Ngf6 7. Nxf6+
Nxf6 8. Bc4 O-O 9. O-O b6 10. Qe2 Bb7 11. h3 e6 12. Bf4 Qe7 13. Rad1 Rad8
14. Bb3 c5 15. Be5 cxd4 16. Rxd4 Rxd4 17. Nxd4 Nd7 18. Bxg7 Kxg7 19. Re1
Qg5 20. Nf3 Qf4 21. Rd1 Bxf3 22. Qxf3 Qxf3 23. gxf3 Nf6 24. Kg2 Rc8 25. f4
Kf8 26. Kf3 Ke7 27. Rd4 b5 28. a4 a6 29. axb5 axb5 30. Bc2 Ne8 31. Bd3 Nd6
32. Be2 Rc5 33. Bd3 Rh5 34. Kg3 Rc5 35. Kf3 Kd7 36. Be2 Kc7 37. Bd3 Rc6 38.
Be2 Ra6 39. Rb4 Kc6 40. c4 bxc4 41. Bxc4 Ra1 42. Bd3 Rd1 43. Rb3 h5 44.
Rc3+ Kd7 45. b4 Rd2 46. Rb3 Ra2 47. b5 Ra7 48. Be4 Ra5 49. Bc6+ Kc7 50. Kg3
Nf5+ 51. Kg2 Kb6 52. Be8 Nd6 53. Bd7 Ra7 54. Bc6 Ra4 55. Kf3 Nf5 56. Rd3
Nd4+ 57. Kg3 Nxc6 58. bxc6 Kxc6 59. Rd8 Ra7 60. Kh4 Rd7 61. Ra8 Kd6 62. Kg3
Ke7 63. Kf3 Rd3+ 64. Kg2 Kf6 65. Ra5 Rd5 66. Ra7 Rf5 67. Kg3 Rb5 68. h4
Rb3+ 69. f3 Rb1 70. Kg2 Rc1 71. Rb7 Rc8 72. Kg3 Re8 73. Rb5 Re7 74. Kg2 Rd7
75. Kg3 Ke7 76. Rb8 Kd6 77. Rb5 Kc6 78. Ra5 Kb6 79. Ra8 Kc5 80. Ra4 Rb7 81.
Re4 Rb4 82. Re1 Kd6 83. Ra1 Ke7 84. Ra7+ Kf6 85. Ra5 Kg7 86. Ra7 Rb5 87.
Re7 Rf5 88. Ra7 Kh6 89. Re7 Kh7 90. Rd7 Kg8 91. Re7 Kf8 92. Ra7 Rd5 93.
Ra8+ Ke7 94. Ra7+ Kf6 95. Rb7 e5 96. fxe5+ Rxe5 97. Kf4 Re1 98. Rb6+ Kg7
99. Kg3 Rg1+ 100. Kf2 Rh1 101. Kg3 Rc1 102. Rb7 Rc6 103. Ra7 Kf6 104. Ra5
Re6 105. Rb5 Re5 106. Rb6+ Kf5 107. Rb4 Ra5 108. Rf4+ Ke6 109. Re4+ Kf6
110. Rf4+ Rf5 111. Ra4 Kg7 112. Ra6 Rf6 113. Ra5 Kh6 114. Rb5 Re6 115. Ra5
f6 116. Rb5 g5 117. Ra5 Kg6 118. Rb5 Ra6 119. Rc5 Rb6 120. Ra5 Re6 121. Rb5
Re5 122. Rb4 Rd5 123. Ra4 Rb5 124. Rc4 Rb1 125. hxg5 Kxg5 126. Rc5+ Kg6
127. Rd5 Re1 128. Ra5 Re5 129. Ra4 Rb5 130. Rc4 Kg5 131. Rd4 Ra5 132. Rb4
Kf5 133. Kh4 Kg6 134. Kg3 Ra1 135. Rc4 Rg1+ 136. Kh2 Rg5 137. Kh3 Kf5 138.
Ra4 Ke6 139. Rb4 Kd5 140. Re4 Rf5 141. Kg3 Re5 142. Rf4 Rg5+ 143. Kh4 Ke6
144. Re4+ Kf5 145. Ra4 Rg1 146. Kh3 Kg6 147. Rb4 Re1 148. Kg3 Re6 149. Ra4
Rd6 150. Ra5 Re6 151. Ra4 Kg5 152. Ra5+ f5 153. f4+ Kg6 154. Kh4 Rb6 155.
Rc5 Ra6 156. Rb5 Rf6 157. Rb1 Re6 158. Rg1+ Kf6 159. Kxh5 Re4 160. Rg6+ Kf7
161. Kg5 Rxf4 162. Rf6+ Ke7 163. Rxf5 Rxf5+ 164. Kxf5 1/2-1/2

[Event "World Blitz 2023"]
[Site "Samarkand UZB"]
[Date "2023.12.29"]
[EventDate "2023.12.29"]
[Round "7.31"]
[Result "1/2-1/2"]
[White "Mukhammadzokhid Suyarov"]
[Black "Klementy Sychev"]
[WhiteElo "2449"]
[BlackElo "2583"]
[PlyCount "130"]

1. d4 d5 2. Nc3 e6 3. e4 Nf6 4. e5 Nfd7 5. Nce2 c5 6. c3 Nc6 7. Nf3 Be7 8.
a3 O-O 9. Nf4 Qa5 10. Ra2 Nxd4 11. Nxd4 cxd4 12. b4 Qc7 13. cxd4 Qc3+ 14.
Rd2 Bg5 15. Bb2 Qc7 16. Rc2 Qd8 17. g3 Bxf4 18. gxf4 Qh4 19. Qf3 f6 20. Qg3
Qh6 21. Bc1 Qg6 22. Bd3 f5 23. Rg1 Qxg3 24. fxg3 Nb6 25. g4 fxg4 26. Rxg4
Rf7 27. Be3 Nc4 28. Bc1 Bd7 29. Rcg2 Rc8 30. Rh4 g6 31. Bc2 Be8 32. Rhg4
Rfc7 33. Kd1 Nb6 34. Re2 Ba4 35. Rgg2 Rxc2 36. Rxc2 Nc4 37. Ke1 Bxc2 38.
Rxc2 b5 39. a4 Rb8 40. Ra2 a5 41. Bd2 Nxd2 42. Kxd2 axb4 43. a5 Rc8 44. a6
b3 45. Ra5 b2 46. Rxb5 Ra8 47. Rxb2 Rxa6 48. Rb7 Rc6 49. Kd3 Ra6 50. h4
Ra3+ 51. Kd2 Ra4 52. Kc3 Rc4+ 53. Kd3 Rc6 54. Re7 h5 55. Rd7 Ra6 56. Kc3
Rc6+ 57. Kd3 Ra6 58. Kc2 Rc6+ 59. Kd2 Kf8 60. Kd3 Ra6 61. Rc7 Ra3+ 62. Rc3
Ra1 63. Rc6 Ra3+ 64. Rc3 Ra1 65. Rc6 1/2-1/2